| 000 | 00528nam a22001577a 4500 | ||
|---|---|---|---|
| 003 | NUST | ||
| 082 | _a621 | ||
| 100 |
_a Muzamil , Muhammad _9122442 |
||
| 245 |
_aStudy of High Speed Impact on Composite Armor Structure / _cMuhammad Muzamil |
||
| 264 |
_aIslamabad: _bSMME- NUST. _c2021. |
||
| 300 |
_a75p. ; _b Soft Copy, _c30cm. |
||
| 650 |
_aMS Mechanical Engineering _9119495 |
||
| 700 |
_aSupervisor : Dr. Aamir Mubashar _9119655 |
||
| 856 | _uhttp://10.250.8.41:8080/xmlui/handle/123456789/28160 | ||
| 942 |
_2ddc _cTHE |
||
| 999 |
_c608940 _d608940 |
||